Luna helada / (Record no. 193216)
[ view plain ]
| 000 -LEADER | |
|---|---|
| campo de control de longitud fija | 02197cam a2200433 i 4500 |
| 001 - NÚMERO DE CONTROL | |
| campo de control | 193216 |
| 003 - IDENTIFICADOR DE NÚMERO DE CONTROL | |
| campo de control | SpMaBN |
| 005 - FECHA Y HORA DE LA ÚLTIMA TRANSACCIÓN | |
| campo de control | 20250804062654.0 |
| 007 - CAMPO FIJO DE DESCRIPCIÓN FÍSICA--INFORMACIÓN GENERAL | |
| campo de control de longitud fija | ta |
| 008 - DATOS DE LONGITUD FIJA--INFORMACIÓN GENERAL | |
| campo de control de longitud fija | 231009s2008 sp | |||| 000 f spa |
| 017 ## - NÚMERO DE COPYRIGHT O DE DEPÓSITO LEGAL | |
| Número de copyright o de depósito legal | B 10558-2008 |
| Agencia que asigna | Oficina Depósito Legal Barcelona |
| 020 ## - NÚMERO INTERNACIONAL ESTÁNDAR DEL LIBRO | |
| Número Internacional Estándar del Libro | 9788435009904 |
| 035 ## - NÚMERO DE CONTROL DEL SISTEMA | |
| Número de control de sistema | (OCoLC)317588717 |
| 035 ## - NÚMERO DE CONTROL DEL SISTEMA | |
| Número de control de sistema | a4318783 |
| 040 ## - FUENTE DE CATALOGACIÓN | |
| Centro catalogador/agencia de origen | SpMaBN |
| Lengua de catalogación | spa |
| Centro/agencia transcriptor | SpMaBN |
| Normas de descripción | rdc |
| Centro/agencia modificador | ES-MaACL |
| 080 ## - NÚMERO DE LA CLASIFICACIÓN DECIMAL UNIVERSAL | |
| Número de la Clasificación Decimal Universal | 821.112.2-31"19" |
| 100 1# - ENTRADA PRINCIPAL--NOMBRE DE PERSONA | |
| Nombre de persona | Wagner, Jan Costin, |
| Fechas asociadas al nombre | 1972- |
| Número de control del registro de autoridad o número normalizado | XX4734332 |
| 9 (RLIN) | 234325 |
| Término indicativo de función/relación | Autor |
| 245 10 - MENCIÓN DEL TÍTULO | |
| Título | Luna helada / |
| Mención de responsabilidad, etc. | Jan Costin Wagner ; traducción de Carlos Fortea |
| 250 ## - MENCION DE EDICION | |
| Mención de edición | Primera edición: abril de 2008 |
| 260 ## - PUBLICACIÓN, DISTRIBUCIÓN, ETC. | |
| Lugar de publicación, distribución, etc. | Barcelona : |
| Nombre del editor, distribuidor, etc. | Edhasa, |
| Fecha de publicación, distribución, etc. | 2008 |
| 300 ## - DESCRIPCIÓN FÍSICA | |
| Extensión | 378 p. ; |
| Dimensiones | 24 cm |
| 336 ## - TIPO DE CONTENIDO | |
| Fuente | rdacontent |
| Término de tipo de contenido | Texto |
| 337 ## - TIPO DE MEDIO | |
| Fuente | rdamedia |
| Nombre/término del tipo de medio | sin mediación |
| 338 ## - TIPO DE SOPORTE | |
| Fuente | rdacarrier |
| Nombre/término del tipo de soporte | volumen |
| 490 1# - MENCIÓN DE SERIE | |
| Mención de serie | Polar |
| 520 ## - RESUMEN, ETC. | |
| Sumario, etc. | Sólo ha pasado un día tras la muerte de su joven esposa, pero el policía finlandés Kimmo Joentaa, incapaz de asumirlo, quiere volver al trabajo cuanto antes. No soporta estar en su casa, situada frente a un lago de belleza inquietante en un solitario paraje a las afueras de Torku.<br/>A su jefe no se le ocurre nada mejor que asignarle el caso de una mujer que ha aparecido muerta en su casa, asfixiada con una almohada. La puerta no ha sido forzada, no ha habido robo, no hay móvil. Joentaa no tardará en averiguar que se enfrenta a un asesino en serie, pero lo peor será descubrir que, ambos criminal y perseguidor, comparten un sentimiento de angustia que acabará creando una extraña empatía entre ellos. |
| 534 ## - NOTA SOBRE LA VERSIÓN ORIGINAL | |
| Frase introductoria | Traducción de: Eismond |
| 655 #0 - TERMINO DE INDIZACIÓN--GENERO/FORMA | |
| Datos o término principal de género/forma | Novelas |
| 9 (RLIN) | 234319 |
| 700 1# - ENTRADA AGREGADA--NOMBRE PERSONAL | |
| Nombre de persona | Fortea, Carlos, |
| Fechas asociadas al nombre | 1963- |
| Término indicativo de función/relación | Traductor |
| 9 (RLIN) | 51844 |
| 830 ## - PUNTO DE ACCESO ADICIONAL DE SERIE-TÍTULO UNIFORME | |
| Título uniforme | Polar (Barcelona) |
| 9 (RLIN) | 234326 |
| 852 ## - LOCALIZACIÓN | |
| Ubicación | ES-MaACL |
| itemnumber | 200600 |
| Sublocalización o colección | R.154614 |
| Número de control de estantería | N-9376 |
| Ubicación en estantería | Depósito J |
| Donativo/Legado | Donación: Carlos Fortea |
| Encuadernación | Encuadernación cartoné con sobrecubiertas |
| 903 ## - NOMBRE PERSONAL DE DONANTE | |
| a | Fortea, Carlos, |
| d | 1963- |
| e | Donante |
| 9 | 51844 |
| 942 ## - ELEMENTOS DE ENTRADA SECUNDARIOS (KOHA) | |
| Suprimir en OPAC | No |
| Tipo de ítem Koha | Libro impreso |
| Estatus retirado | Estado de pérdida | Fuente del sistema de clasificación o colocación | Especificación de materiales (volumen encuadernado u otra parte) | Estado de daño | No para préstamo | Biblioteca de origen | Biblioteca actual | Ubicación en estantería | Fecha de adquisición | Fuente de adquisición | Número de control de estantería | Total de préstamos | Signatura topográfica completa | Código de barras | Visto por última vez | Tipo de ítem Koha |
|---|---|---|---|---|---|---|---|---|---|---|---|---|---|---|---|---|
| Clasificación decimal universal | Enc. cartoné | Biblioteca del Ateneo de Madrid | Biblioteca del Ateneo de Madrid | Depósito J | 09/10/2023 | Donación | Ateneísta | N-9376 | 101205895 | 09/10/2023 | Libro impreso |
